LEADER 01212nam a2200265 i 4500 001 000000154762 003 CaOOAMICUS 005 20090401000000.0 008 090401s1979 it u000 u ita u 013 $a132110 040 $aSeMil$bita 245 10$aMontagna viva :$bDolomiti Bellunesi /$cimmagini [a cura di] Pepi Merisio ; testi [a cura di] Rinaldo De Menech ; introduzione di Giuseppe Mazzotti. 260 $aMilano :$bLibreria della famiglia,$ccopyr. 1979. 300 $a117 p. :$briccamente ill. ;$c28x34 cm. 500 $aFondo Card. Giovanni Colombo. 650 4$aDolomiti - Belluno - Fotografie.$0(OLS)http://semarc/subject/30317 700 1 $aMerisio, Pepi,$d<1931- >.$0(OLS)http://semarc/name/5797 700 1 $aMazzotti, Giuseppe <1911-2004>.$0(OLS)http://semarc/name/18472 700 1 $aDe Menech, Rinaldo.$0(OLS)http://semarc/name/60542 850 $aSeMil 852 $aSeMil$W1$xVenegono$y1$m5V VII 16$j106618$B106618$CSeMilBibl$Z2$F140690 $8I 941 1 $a3 961 $aLascito: Colombo Card. Giovanni 996 $6245$aMontagna viva :$bDolomiti Bellunesi$9(OLS)http://semarc/title/226556 996 $6260$aMilano :$bLibreria della famiglia$9(OLS)http://semarc/publisher/39846 LEADER 00799nam a2200229 i 4500 001 000000092815 003 CaOOAMICUS 005 20180830150129.0 008 180830s1960 xx u000 u und u 013 $a65057 020 $a88-425- 040 $aSeMil$bita 100 1 $aPullini, Giorgio.$0(OLS)http://semarc/name/37641 245 10$aAldo Palazzeschi. 260 $aMilano :$bMursia,$c1960. 300 $a272 p. 600 14$aPalazzeschi, Aldo <1885-1974>.$0(OLS)http://semarc/subject/16759 850 $aSeMil 852 $aSeMil$W1$xVenegono$y1$m58 23 10 *$j55646$B55646$CSeMilBibl$Z2$F60416 $81 996 $6020$a88-425-$9(OLS)http://semarc/number/73027 996 $6245$aAldo Palazzeschi$9(OLS)http://semarc/title/138938 996 $6260$aMilano :$bMursia$9(OLS)http://semarc/publisher/30230